|
|
|
|
| LEADER |
00000cam a2200000 a 4500 |
| 001 |
vtls001079993 |
| 003 |
SK-MaSNL |
| 005 |
20260301192001.0 |
| 008 |
251031s1988 xo a jr 0000f slo |
| 015 |
|
|
|a SNBA1989/02
|
| 020 |
|
|
|q (viaz.)
|
| 035 |
|
|
|a SNK000022830
|
| 040 |
|
|
|a SNK
|b slo
|c SNK
|e AACR2
|
| 041 |
1 |
|
|a slo
|h fre
|
| 044 |
|
|
|a xo
|c SK
|
| 072 |
|
7 |
|a 821.133.1-3
|x Francúzska próza, francúzsky písaná
|2 konspekt
|
| 072 |
|
7 |
|a 821-93
|x Literatúra pre deti a mládež
|2 konspekt
|
| 080 |
|
|
|a 821.133.1-31
|2 2001
|
| 080 |
|
|
|a (0:82-311.3)
|2 2001
|
| 080 |
|
|
|a 821-93
|2 2001
|
| 100 |
1 |
|
|a Verne, Jules,
|d 1828-1905
|4 aut
|9 221838
|
| 240 |
1 |
0 |
|a Mistress Branican
|l Slovensky
|
| 245 |
1 |
0 |
|a Pani Branicanová
|c Jules Verne ; [z francúzskeho originálu preložila Mária Marta Gálová ; ilustroval Milan Veselý]
|
| 250 |
|
|
|a 1. vyd.
|
| 260 |
|
|
|a Bratislava
|b Mladé letá
|c 1988
|
| 300 |
|
|
|a 225 s.
|b ilustr.
|c 21 cm
|
| 366 |
|
|
|e 50000 výt.
|
| 490 |
1 |
|
|a Knihy J. Verna
|
| 500 |
|
|
|a Rozlož. ilustr. tit. strana
|
| 500 |
|
|
|a Ilustr. na predsádkach
|
| 504 |
|
|
|a Výslovnosť mien. Vysvetlivky
|
| 521 |
|
|
|a Pre čitateľov od 11 rokov
|
| 655 |
|
7 |
|a francúzske romány
|2 SNKPH
|9 70252
|
| 655 |
|
7 |
|a dobrodružné romány
|2 SNKPH
|9 70486
|
| 655 |
|
7 |
|a publikácie pre mládež
|2 SNKPH
|9 70434
|
| 700 |
1 |
|
|a Gálová, Mária,
|d 1949-
|4 trl
|9 108924
|
| 700 |
1 |
|
|a Veselý, Milan,
|d 1939-2015
|4 ill
|9 105300
|
| 830 |
|
0 |
|a Knihy J. Verna
|9 278898
|
| 958 |
|
|
|a OND
|
| 999 |
|
|
|c 872813
|d 874743
|
| 952 |
|
|
|a SNK
|b SNK
|y VYP
|7 0
|p 17A0557426
|o snkSC 73437 D1
|i snkKSP 11872/88
|0 0
|1 0
|4 0
|d 2007-07-17
|l 0
|r 2026-02-24 05:48:18
|w 2026-02-24
|
| 952 |
|
|
|a SNK
|b SNK
|y PREZ
|7 0
|p 17A0475716
|o snkSC 73437
|i snkKSP 11871/88
|0 0
|1 0
|4 0
|d 2007-08-22
|l 0
|r 2025-07-29 00:00:00
|w 2026-02-24
|